| 000 | 01046nam a2200253Ia 4500 | ||
|---|---|---|---|
| 003 | OSt | ||
| 005 | 20221005110532.0 | ||
| 006 | a|||||r|||| 00| 0 | ||
| 007 | ta | ||
| 008 | 221004b |||||||| |||| 00| 0 hin d | ||
| 020 |
_a8177142860 (hbk) _c890 |
||
| 024 | _a93705 | ||
| 037 |
_b417, 23/03/2009, Swaraj Prakashan _cTextual |
||
| 040 |
_aCRL _cCRL _bhin |
||
| 041 |
_2hin _ahin |
||
| 082 | _aQ:4193.2'C, 152P7 | ||
| 100 | _aत्रिपाठी, लालजी | ||
| 245 | 0 | _aप्राचीन भारत में दान का सैद्धान्तिक एंव व्यावहारिक विवेचन | |
| 246 | _aPrāchīn bhārat mean dān kā saiddhāntik eanva vyāvahārik vivechana | ||
| 260 |
_aनई दिल्ली _bप्रकाशन संस्थान भारत _c2007 |
||
| 300 |
_a336पृ0 _ccm. |
||
| 942 |
_hQ:4193.2'C, 152P7 _cTEXL _2cc |
||
| 999 |
_c1019119 _d1019119 |
||